000 00309nam a22001457a 4500
008 221005b ||||| |||| 00| 0 eng d
020 _a691320931462
041 _aeng
080 _a616.12
082 _a616.12
100 _a11.2
101 _aKARDIO
245 _aThe Heart
_cHURST J W
942 _2udc
_cBK
999 _c58340
_d58340